How to Get Drunk Around the World Quiz Stats

 Plays Quiz Retired Jul 7, 2021

     
Support Sporcle.
Go Orange.
Score 0/13 Timer 04:00
0 Plays Today
Country Beer % Correct
IrelandGuinness
77.9%
MexicoCorona
60.7%
United StatesBud Light
59.7%
NetherlandsHeineken
54.1%
CanadaLabatt Blue
26.7%
ChinaTsingtao
19.4%
United KingdomCarling
13.7%
JapanAsahi Super Dry
11.2%
AustraliaVictoria Bitter
7.5%
BelgiumJupiler
3%
BrazilSkol
2.2%
GermanyKrombacher
1.4%
CzechiaGambrinus
1%

From the Vault

4-Word Beatles Song Match

by sproutcm

Music 8m
It was much easier to match The Beatles when they were younger.
Remove Ads.
Support Sporcle.
Get the best of Sporcle when you Go Orange. This ad-free experience offers more features, more stats, and more fun while also helping to support Sporcle. Thank you for becoming a member.

Show Comments

Extras

Top Quizzes Today


Score Distribution

Your Account Isn't Verified!

In order to create a playlist on Sporcle, you need to verify the email address you used during registration. Go to your Sporcle Settings to finish the process.

Report this User

Report this user for behavior that violates our Community Guidelines.

Details: